000 00279nam a22001217a 4500
008 170612b xxu||||| |||| 00| 0 eng d
041 _aeng
080 _a32
100 _a19
101 _aSHP
245 _aNEW PERSPECTIVES IN THE FRENCH REVOLUTION
_cKAPLOW, J
942 _2udc
_cBK
999 _c16912
_d16912